000 00469nam a2200157 i 4500
001 62553
003 ES-MaACL
005 20230906164705.0
007 t|
008 031124s1973 sp ||||1| spa d
100 1 _aFernández Fresneda, Miguel.
_949791
245 1 0 _aVersos al viento /
_cpoesías por Miguel Fernández Fresneda.
260 _a[S.l. :
_bs.n.,
_c1973] (
_eCastellón :
_fImp. mialfo)
300 _a82 p. ;
_c18 cm.
852 _aES-MaACL
_jC-54148
_bR.87047
999 _c62553
_d62553